Statistics for Real Madrid Club de Fútbol Squad 2012 / 2013

Click here to take the quiz!

General Stats

  • This quiz has been taken 1,444 times
  • The average score is 15 of 26

Answer Stats

#PositionNationAgeName% Correct
1GKSpain31Casillas, Iker
96%
7FWPortugal27Cristiano Ronaldo
95%
4DefSpain26Ramos, Sergio
92%
3DefPortugal / Brazil29Pepe
91%
9FWFrance / Algeria24Benzema, Karim
89%
19MFCroatia26Modric, Luka
88%
12DefBrazil / Spain24Marcelo
83%
11MFArgentinia24Di María, Ángel
79%
10MFGermany23Özil, Mesut
78%
2DefFrance / Martinique19Varane, Raphaël
75%
20FWArgentina / France24Higuaín, Gonzalo
71%
6MFGermany / Tunisia25Khedira, Sami
68%
14MFSpain30Alonso, Xabi
60%
17DefSpain29Arbeloa, Álvaro
57%
8MFBrazil / Italia30Kaká
57%
15MFGhana / France29Essien, Michael
53%
HCPortugal49Mourinho, José
51%
16DefPortugal34Carvalho, Ricardo
49%
29FWSpain19Morata, Álvaro
45%
13GKSpain25Adán, Antonio
44%
18DefSpain27Albiol, Raúl
38%
21MFSpain25Callejón, José María
34%
ACSpain39Karanka, Aitor
17%
35GKSpain24Fernández, Jesús
12%
5DefPortugal24Coentrão, Fábio
2%
ACPortugal47Morais, José
0%

Score Distribution

Percentile by Number Answered

Percent of People with Each Score

Your Score History

You have not taken this quiz